000 00506nam a2200193Ia 4500
005 20250508162919.0
008 008 250505s9999 xx 000 0 hin d
020 _a81-7154-993-4
037 _aReference
040 _aFEDL
_beng
_cFEDL
041 _ahin
_2eng
084 _a921, IND
_qFEDL
245 0 _aVishwa ke pramukh darshanik
245 0 _cIndia. Manav Sansadhan Vikas Mantraliya
260 _c1991
300 _axi,696p.
942 _cREF
_h921, IND
999 _c1379396
_d1379396